000 01586nas1a22003251i 4500
001 RU\NLR\INFOCOMM4\1000000057
005 20260407083300.0
011 _a1560-6996
035 _a(NLR Aleph) 002756898
090 _a2194649
_c2194649
100 _a20040216c1996 |||y0rusy50 ca
101 0 _arus
102 _aRU
110 _aayu||||0|y0
200 1 _aВстреча
_eПравосл. студ. журн. Моск. Духов. акад. и семинарии
210 _aСергиев Посад
_d1996 -
711 0 2 _aМосковская духовная академия
_3RU\NLR\AUTH\8810082
_9292710
801 1 _aRU
_bInfoComm
_c20040216
801 0 _aRU
_bNLR
_gPSBO
801 2 _aRU
_bNLR
_c20080227
_2rusmarc
852 _aNLR
_jП38/127
942 _cJOURNAL
980 _aRUSPER